[Event "Minneapolis HB Global op"]
[Site "Minneapolis"]
[Date "2005.05.20"]
[Round "5"]
[White "Beliavsky, Alexander G"]
[Black "Ibragimov, Ildar"]
[Result "1-0"]
[WhiteElo "2630"]
[BlackElo "2611"]
[Annotator "Ribli,Z"]
[PlyCount "95"]
[EventDate "2005.05.18"]
[EventType "swiss"]
[EventRounds "9"]
[EventCountry "USA"]
[SourceTitle "CBM 107"]
[Source "ChessBase"]
[SourceDate "2005.08.01"]
[SourceVersion "1"]
[SourceVersionDate "2005.08.01"]
[SourceQuality "1"]

1. d4 Nf6 2. c4 e6 3. g3 Bb4+ 4. Bd2 Be7 5. Bg2 d5 6. Nf3 O-O 7. O-O c6 8. Qc2
b6 9. Rd1 Bb7 10. Bf4 {Gewöhnlich entwickelt Weiß den Läufer nach f4. Würde
der Läufer noch auf c1 stehen, so wäre die Positionierung auf b2 besser.} Nbd7
11. Nc3 Nh5 {Statt dieser Fortsetzung bietet 11...dxc4!? Schwarz gute
Ausgleichchancen.} (11... dxc4 $5 12. Nd2 Nd5 13. Nxc4 Nxf4 14. gxf4 Nf6 $5 (
14... Qc7) 15. Ne5 Nd5 16. f5 Nxc3 17. Qxc3 exf5 18. Bxc6 Bxc6 19. Nxc6 Qd7 {
1/2-1/2 Nielsen,P-Sokolov,A/BL0405 Wattenscheid 2004/ (32)}) 12. Bc1 (12. Bd2
f5 (12... Nhf6 $11) 13. cxd5 cxd5 14. Rac1 a6 15. Ne1 Rc8 16. Nd3 Nhf6 17. Qb3
Bd6 18. Bf4 Qe7 19. Bxd6 Qxd6 20. Rc2 Rc4 21. Ne5 Rc7 22. f4 Rfc8 23. Rdc1 b5
24. Nd1 Rxc2 {1/2-1/2 Sprenger,J-Tiviakov,S/BL 0203 Godesberger SK - Turm
Emsdetten 2002 (24)}) 12... Nhf6 (12... f5 13. b3 (13. Rb1) 13... Bd6 14. e3
Qe7 15. Bb2 g5 16. Ne2 Qg7 17. Nc1 Nhf6 18. Nd3 Ne4 19. Nfe5 a5 20. Nxd7 Qxd7
21. c5 Bc7 22. cxb6 Bxb6 23. Rac1 {1-0 Miton,K-Izoria,Z/Yerevan ARM 2000/(60)})
13. b3 {Der Läufer steht noch auf c1, sodass Weiß den Läuferzug b2 vorbereitet.
} Rc8 14. e4 dxe4 (14... Nxe4 15. Nxe4 dxe4 16. Qxe4 Qc7 17. Bf4 Bd6 18. Bxd6
Qxd6 19. c5 $1 $14) (14... c5) 15. Ng5 {Auch wenn der Läufer auf d2 steht,
spielt Beliavsky diesen Springerzug Ng5 (Beliavsky,A - Portisch,L Frankfurt -
rapid - 1998).} (15. Ne5 $5) (15. Nxe4 c5 16. Nxf6+ Bxf6 17. Ng5 Bxg5 18. Bxb7
Rc7 19. dxc5 Bxc1 20. Raxc1 Rxb7 21. c6 Rc7) 15... c5 (15... h6 16. Ngxe4 Nxe4
17. Nxe4 Nf6 18. c5 $1 $146 (18. Bf4 Nxe4 19. Qxe4 Bd6 20. Rd3 $14) 18... Nd5
19. a3 a5 20. Bf1 $1 Qc7 21. Bd2 Rfd8 $2 (21... b5 {/\ Ra8}) 22. b4 axb4 23.
Bxb4 $1 Ra8 (23... Nxb4 24. axb4 Ra8 25. Bc4 $16) 24. cxb6 $1 Qxb6 25. Bxe7
Nxe7 26. Nc5 Bc8 27. a4 {1-0 Beliavsky,A-Mitkov,N/Panormo 82/434 2001/
[Beliavsky,A] (40)}) 16. dxc5 bxc5 (16... Rxc5 17. Ngxe4 Nxe4 18. Nxe4 $14) (
16... Bxc5 17. Ngxe4 Nxe4 18. Nxe4 $14) 17. Ncxe4 Nxe4 18. Bxe4 Bxe4 19. Qxe4
$14 {Weiß verfügt über die bessere Bauernstruktur und aktivere Figurenstellung.
} Bxg5 20. Bxg5 Qc7 (20... Qxg5 21. Rxd7 {[%csl Gd7][%cal Ga1d1] Trotz
reduziertem Material besitzt Weiß einen kleinen, aber dauerhaften Vorteil.
Sein Turm steht sehr aktiv auf d7.}) 21. Bf4 (21. Rd2 $14) 21... e5 (21... Nf6
22. Bxc7 Nxe4 23. Ba5 $14) 22. Qf5 Rfd8 23. Bg5 {[%mdl 32] Weiß provoziert die
gegnerischen Bauernzüge, um seine Stellung zu schwächen.} f6 24. Be3 {[%csl
Yd5]} Nf8 (24... Nb6 25. f4 $14) 25. Rd5 {[%csl Gd5][%cal Ga1d1,Gd1d8]} Rxd5
26. cxd5 {In solchen Stellungen ist die Frage, ob der Pd5 schwach, oder stark
ist. In unserer Stellung mit der Unterstutzung des Turms und aktiver Dame und
Läufer besitzt Weiß Positionsvorteil.} Rd8 27. Rd1 Qd6 28. Rd2 a6 29. Qg4 Rb8
30. h4 $1 {[%cal Gh4h5,Gh5h6] Weiß plant h5 und h6, um die schwarze
Königsstellung zu schwächen.} g6 31. Qa4 Rb5 32. h5 f5 (32... gxh5 $2 33. Qh4
$16) 33. Qc4 Nd7 34. a3 Nb6 35. Qc3 Nd7 36. h6 {[%csl Gh6] Weiß hat keine
konkrete Drohungen, aber der Ph6 ist momentan unangenehm für Schwarz. Später
wird er eine potentielle Schwäche sein.} Kf7 37. f4 Qf6 38. Qc4 Nb6 {Weiß
verfügt zwar über die aktivere Stellung, aber kein konkretes Gewinnmotiv.} (
38... Qd6) 39. Qc2 Nd7 40. Rd1 exf4 (40... Qd6) 41. Bxf4 g5 $1 $132 {Dieser
Zug scheint ein wenig riskant, da Schwarz seinen Königsflügel schwächt, jedoch
verjagt er den Läufer von f4.} 42. Bc1 {[%cal Gc1b2,Gb2h8]} (42. Bc7 Rb7 43.
Ba5 Qe5 $132) 42... Qe5 $1 {[%csl Ge5]} 43. Kh2 (43. Rd3 Qe1+ 44. Kg2 Qe4+ $17)
(43. Qd3 Qd4+ (43... Kg6) 44. Qxd4 cxd4 45. Rxd4 Rxb3 46. Kg2 Kg6 $15) 43...
Kg6 $2 (43... Rxb3 $3 {Es ist sehr schwer, diese Variante im Spiel zu finden.}
44. Qxb3 Qe2+ 45. Kg1 c4 46. Qa4 Nc5 $19 {[%csl Ra4,Rd1,Ge2]}) 44. Qd2 f4 $2 (
44... Qf6 45. Bb2 Qf7 46. Qe3 f4 47. Qe4+ Qf5 48. Qe8+ Qf7 49. Qe4+ $11) 45.
Re1 {[%csl Ge1,Re5,Rg6][%cal Gc1g5][%mdl 128] Weiß hat einen aussichtsreichen
Angriff gegen den schwarzen König.} (45. Qd3+ Qf5 46. gxf4 Qxd3 47. Rxd3 gxf4
48. Bxf4 $16) 45... fxg3+ (45... Qf5) 46. Kg2 Qf5 47. Re6+ (47. Rf1 Qe4+ 48.
Rf3 Qe5 49. Qd3+ Kxh6 50. Rxg3 $18) 47... Kh5 48. Re3 {Ist dieser Zug wirklich
in der Partie gespielt worden? Statt dieser Fortsetzung konnte Weiß mit 48.
Qd1+ gewinnen.} (48. Qd1+ $1 Qg4 49. Qd3 Qd4 50. Qf3+ Qg4 51. Qf7+ Kh4 52.
Bxg5+ Kxg5 53. Qxd7 $18) (48. Re3 Qf2+ 49. Qxf2 gxf2 50. Rg3 g4 51. Kxf2 Nf6
$11) 1-0

[Event "Grenke Chess Classic 5th"]
[Site "Karlsruhe/Baden-Baden"]
[Date "2018.04.06"]
[Round "6"]
[White "Meier, Georg"]
[Black "Naiditsch, Arkadij"]
[Result "0-1"]
[WhiteElo "2648"]
[BlackElo "2701"]
[Annotator "Sadorra,J"]
[PlyCount "66"]
[EventDate "2018.03.31"]
[EventType "tourn"]
[EventRounds "9"]
[EventCountry "GER"]
[EventCategory "20"]
[SourceTitle "CBM 184"]
[Source "ChessBase"]
[SourceDate "2018.05.16"]
[SourceVersion "1"]
[SourceVersionDate "2018.05.16"]
[SourceQuality "1"]

1. d4 Nf6 2. c4 e6 3. Nf3 d5 4. g3 Bb4+ 5. Bd2 Be7 6. Bg2 O-O 7. O-O c6 8. Qc2
b6 ({Another way to reach the game is} 8... Nbd7 9. Rd1 b6 10. b3 Bb7 11. Nc3)
9. Rd1 Bb7 10. b3 ({The other common line here is} 10. Bf4 Nbd7 11. Ne5 (11.
Nc3 {leads to a well-known equal or drawish position after} dxc4 12. Ne5 Nd5
13. Nxc4 Nxf4 14. gxf4 Qc7 15. e3 Rad8 16. Rac1 c5 17. d5 exd5 18. Nxd5 Bxd5
19. Rxd5 b5 20. Ne5 Nxe5 21. Rxe5 Bd6 $11) 11... Nxe5 12. dxe5 Nd7 13. cxd5 {
now a recent high-level game here went} exd5 $5 14. e4 d4 15. Rxd4 Bc5 16. Rd2
Qe7 17. Nc3 Nxe5 18. Rad1 Bc8 19. h3 {Gelfand,B (2724)-Anand,V (2786) Zuerich
2017, and Black should continue} f6 {where White may have a slight edge but
Black has equalising chances.}) 10... Nbd7 11. Nc3 Rc8 12. Bf4 {Transposing to
a familiar main line rather than going for a more principled pawn break in the
centre.} ({The most principled approach is} 12. e4 $1 Nxe4 (12... c5 $6 13.
exd5 exd5 14. Be3 dxc4 15. d5 $1 Ng4 16. Bf4 cxb3 (16... Bf6 17. bxc4 Ba6 18.
Rac1 Bxc4 19. Ne4 Ba6 {1-0 (36) Grandelius,N (2562)-Firat,B (2423) Athens 2012}
20. h3 $1 Nge5 21. Nxf6+ Qxf6 22. Nxe5 Nxe5 23. Qa4 $16) 17. axb3 c4 18. Rxa7
cxb3 19. Qxb3 b5 20. d6 Bf6 21. Rxb7 Rxc3 22. Qb1 $18 {and White has a
decisive advantage.} Nc5 23. Rxb5 Qd7 24. h3 Nxf2 25. Kxf2 Ne4+ 26. Kg1 Rxf3
27. Rb7 {1-0 (27) Swiercz,D (2645)-Xiong,J (2674) Saint Louis 2017}) 13. Nxe4
dxe4 14. Qxe4 Nf6 15. Qe2 c5 16. dxc5 bxc5 (16... Bxc5 17. b4 $1 Be7 18. Rac1 (
18. Bf4 Qe8) 18... Qe8 19. Ne5 Bxg2 20. Kxg2 Qa4 21. a3 $1 Nd7 (21... Rfd8 22.
b5 $1 a6 23. Nc6 $16) (21... a6 22. Qf3) (21... Qxa3 22. Ra1 Qb2 23. Rxa7 Rfe8
24. b5 $16) 22. Nxd7 Qxd7 23. Qf3 $14) 17. Bg5 {½-½ (17) Konopka,M (2398)
-Farago,I (2410) Hungary 2017} Qb6 18. Ne5 Rfd8 19. Rxd8+ Rxd8 20. Rd1 $14 {
White's position is easier to play - against the weakness on the queenside
light squares - however Black should hold with accurate play.}) 12... c5 13.
Nb5 cxd4 14. Nd6 (14. Nxa7 $2 {is very risky} Rc5 $1 15. Rxd4 Qa8 16. Nb5 dxc4
17. Nd6 (17. Bd6 Bxd6 18. Nxd6 cxb3 19. Qxb3 Bd5 $17 20. Qd3 $2 e5 21. Rh4 e4 {
0-1 (21) Molina,R (2322)-Leitao,R (2601) Rio de Janeiro 2007}) 17... cxb3 18.
Qxb3 Bd5 $17) (14. Rxd4 Rc5 $1 {A typical idea in these positions.} 15. Rad1 a6
16. Nc3 (16. Nd6 $6 Ba8 $15) 16... Qc8 $1 $36 {and it's White who's under
pressure again, especially on the vulnerable c-file.} (16... b5 $5)) 14... Bxd6
15. Bxd6 Re8 16. Nxd4 Nc5 {This position has been reached 2 times before, and
Naiditsch could be very well still in his prep. He shared in a post-game
interview that he got a good position from the opening.} 17. Bxc5 Rxc5 ({
Another way to get a good complex game is} 17... bxc5 18. Nf3 Qb6 19. e3 dxc4
20. bxc4 Be4 $36 {0-1 (42) Krylov,M (2499)-Grachev,B (2660) Moscow 2011}) 18.
Qb2 ({Another continuation that leads to an equal game is} 18. Qd2 Qa8 (18...
Qe7 19. cxd5 Bxd5 $11) (18... e5 $5 19. Nf5 (19. Nb5 $6 Qb8 $1 20. Rac1 Rec8
$36) 19... Bc8 20. Ne3 d4 21. Nd5 Nxd5 22. Bxd5 $11) 19. cxd5 Bxd5 20. f3 Bb7
$11 {0-1 (30) Krishna,C (2326)-Barua,D (2429) Kolkata 2012}) 18... e5 {A
critical moment for White.} 19. Nb5 $6 (19. Nf5 Qd7 20. b4 $1 (20. Ne3 $6 d4
$15) 20... Rxc4 21. Ne3 Rc7 22. Nxd5 Bxd5 23. Bxd5 Nxd5 24. e4 Rc4 $36 {
though White has equal chances, I think Black still has some initiative to
work with.}) ({Naitditsch was expecting another retreat:} 19. Nf3 {after which
he considered some interesting possibilities.} e4 (19... Qc7 20. Nd2 (20. cxd5
$2 {helping Black seize the weak c3-square.} Nxd5 21. Rac1 Nc3) 20... dxc4 21.
Nxc4 (21. Bxb7 c3 $19) 21... Bxg2 22. Kxg2 Qc6+ 23. Kg1 Ne4 $15) 20. Nd4 dxc4
$1 21. Ne6 ({The best way to defend is} 21. bxc4 Qe7 $15 {but White has a long
term weakness giving Black a long-term edge.} 22. Qa3 (22. e3 Ng4 $15) 22... e3
$1 $36) 21... c3 $1 22. Qa3 (22. Qc2 fxe6 23. Rxd8 Rxd8 $17) 22... fxe6 23.
Rxd8 Rxd8 $17) 19... Qb8 $1 $15 20. e3 ({If} 20. Rac1 {White can face
unpleasant pressure after} Rec8 21. Na3 d4 $15) 20... h5 $5 ({Simpler and
better is} 20... a6 21. Na3 dxc4 $1 22. Nxc4 (22. bxc4 Bxg2 23. Kxg2 Qb7+ 24.
f3 e4 25. f4 Qc8 $1 26. Qxb6 Ng4 $40 {[%csl Rg2][%cal Rg4h2,Rc5h5]}) 22... Bxg2
23. Kxg2 b5 $17 {[%csl Rc3][%cal Gf6e4,Ge4c3,Gb5b4]} 24. Nd6 (24. Nd2 Qb7+ 25.
Kg1 Rd5 $1 26. Nf1 (26. Rac1 Red8) 26... Ne4 $17) 24... Re6 25. Nf5 (25. Qa3
Rc2) 25... Qa8+ 26. Kg1 g6 $17) 21. Qe2 a6 22. Na3 d4 (22... Qa8 $5 23. Rac1
dxc4 24. Bxb7 Qxb7 25. Rxc4 Rd5 $15) 23. Nc2 Bxg2 24. Kxg2 Ne4 25. Qf1 h4 $6 {
After this, things get out of control.} ({The best continuation here, and
positionally in general, is to improve the worst-placed piece which in this
case is the c5-rook.} 25... Rc6 $1 26. Nb4 (26. exd4 Rf6 $40 27. f3 Ng5 28. Ne1
Nxf3 29. Nxf3 e4 $17) 26... Rg6 27. Nd5 {So what if there's a knight on d5? It
looks nice but is it doing anything useful according to the demands of the
position? :-)} dxe3 28. fxe3 (28. Nxe3 Rf6 $1) 28... Qc8 $40 {[%csl Rg2,Rg3,
Rh3][%cal Rh5h4,Re4g5]}) 26. f3 Nc3 27. Rd2 (27. Re1 {was more solid} hxg3 28.
hxg3 dxe3 29. Rxe3 $13 {and White is holding as the position starts to
stablise.}) 27... hxg3 28. hxg3 Re6 29. Qf2 Rf6 $2 ({The best but difficult
way to continue the attack which Naiditch later realised is} 29... e4 $1 30.
Rxd4 (30. Nxd4 exf3+ 31. Qxf3 Rf6 {and the queen has to give up control of the
a8-h1 diagonal.}) (30. f4 d3 $17) 30... exf3+ 31. Qxf3 Rg5 $40 {Black's pieces
start to coordinate and create dangerous threats around the white king.}) 30.
exd4 Ne4 31. Qe3 Nxd2 32. dxc5 Nxf3 {So far both players are playing
reasonably well in this crazy position and in mutual time trouble!} 33. cxb6 $4
{Unfortunately, Meier is the first one to crack under pressure.} ({Naiditch
correctly pointed out in an interview that White must play} 33. c6 $1 {
blocking the a8-h1 diagonal for the black queen; then he was planning} Qc8 {
whereupon Black still has good attacking chances. Indeed, with little time on
the clock, it will be challenging to find only-moves in the ensuing play.} 34.
Nb4 (34. Rh1 Qxc6) 34... Qf5 $1 (34... Nh4+ 35. gxh4 Qg4+ 36. Qg3 Qe2+ 37. Kh1
Qe4+ 38. Kh2 Qe2+ $11) (34... Qg4 35. Rh1) 35. Nd5 Qc2+ 36. Kf1 $1 {Here White
has to be brave and play the only move that draws:} Nh2+ 37. Kg1 Nf3+ 38. Kf1
$1 $11) (33. Rf1 e4 $1 34. Nd4 (34. Qxe4 Nd2) 34... Rg6 35. Ne2 bxc5 $40) 33...
Qb7 $1 {A powerful, little move by the queen that creates unstoppable
discovered threats. Upon realising there is no defence, White resigned. An
impressive comeback and a much-needed win for the hometown favourite GM
Naiditsch who disappointedly failed to realise good winning chances in his
previous game. Credit to both players for playing one of the more exciting
games in the 2018 GRENKE Chess Classic!} 0-1

[Event "Zalakaros op 34th"]
[Site "Zalakaros"]
[Date "2015.05.21"]
[Round "8"]
[White "Boruchovsky, Avital"]
[Black "Kovalenko, Igor"]
[Result "0-1"]
[WhiteElo "2517"]
[BlackElo "2650"]
[Annotator "Sagar Shah"]
[PlyCount "86"]
[EventDate "2015.05.14"]
[EventType "swiss"]
[EventRounds "9"]
[EventCountry "HUN"]
[SourceTitle "CBM 166 Extra"]
[Source "ChessBase"]
[SourceDate "2015.06.18"]
[SourceVersion "1"]
[SourceVersionDate "2015.06.18"]
[SourceQuality "1"]

{This was the crucial eighth round encounter on the top board. Boruchovsky was
going strong and leading the tournament by half a point. It was now in the
hands of Kovalenko to stop him.} 1. Nf3 d5 2. c4 e6 3. g3 Nf6 4. Bg2 Be7 5. d4
{This move order is usually preferred by white players in order to prevent the
Bb4 followed by Be7 ideas. Now that the bishop is on c1, it can be used in a
much better manner on the b2 square, and also the d2 square can be utilized by
the b1 knight.} O-O 6. O-O c6 7. b3 b6 8. Qc2 Nbd7 {Black develops his knight
before the bishop to keep open the option of developing Ba6 or Bb7.} 9. Nc3 {
Now that the knight has developed itself on c3, the c4 pawn is relatively
undefended and that explains Black's next move.} Ba6 10. Bb2 $5 {A bold
decision to sacrifice the c4 pawn.} Rc8 (10... dxc4 {was a valid option for
Black. A forcing line from this point onwards could go something like this:}
11. Ne5 Nxe5 12. dxe5 Nd5 13. bxc4 Bxc4 14. Ne4 b5 15. Rfd1 $13 {and White's
compensation is beyond doubt, with his two strong bishops. But Black with an
extra pawn and central control is not doing so badly. In short it is a big
fighting game ahead.}) 11. e4 dxc4 12. Rfd1 Qc7 (12... cxb3 13. axb3 $14 {
Opening up the a-file would not be a good idea for Black.}) 13. e5 {A risky
move. But the danger exists for both sides now. White gets good attacking
chances.} (13. Ne2 {was more prudent.} b5 (13... cxb3 14. axb3 $44) 14. bxc4
bxc4 $11 {Sooner or later the c4 pawn will fall, but by that time Black would
be able engineer the c5 break and equalise the game.}) 13... Nd5 14. bxc4 (14.
Ne4 {would be met with the strong central break} c5 $1 15. bxc4 cxd4 $15) 14...
Bxc4 15. Ne4 {This is a position which computers assess clearly in Black's
favour, thanks to the extra pawn. But over the board things are entirely
different. When your king is under attack the -/+ 0.74 evaluation is not of
huge help!} b5 16. Neg5 g6 17. Qe4 {White has the intention of playing Qh4.}
Kg7 (17... c5 {looks like the natural reaction. Let's continue the white
attack.} 18. Qh4 h5 19. g4 Kg7 $1 {A not so difficult, yet very important idea
to foresee.} 20. gxh5 Rh8 $1 21. Qg3 Rxh5 $17 {And Black has a super solid
king position. At the same time the white center is falling apart.}) 18. h4 {
White introduces a new character to keep the attack alive.} (18. Qh4 h6 $19 {
is completely winning for Black.}) 18... N7b6 19. h5 Na4 {The black knights
start to cause mayhem in White's position.} 20. Bc1 Nac3 {A deadly knight fork
and it seems as if the game is over.} 21. Qh4 {There are some threats on the
kingside and Black has to be careful not to blunder.} Ne2+ (21... h6 {is a
nice solution. The point being after} 22. hxg6 {Black has the ultra strong} Rh8
$1 $19 {and White is losing just about everything.}) 22. Kh2 Nxc1 {A very
human way to play the position.} 23. h6+ (23. Raxc1 h6 24. hxg6 Qd8 $19) 23...
Kg8 24. Rdxc1 {The chances of a kingside attack have almost vanished for White
and he stands a pawn down with a completely lost position.} Bd3 25. Bf1 Bxf1
26. Rxf1 c5 $1 $19 {The final nail in the coffin. After this break Black is no
longer passive, and his extra pawn starts marching down the board.} 27. Qg4 c4
28. Ne4 c3 29. Rfc1 a5 30. Nfd2 a4 31. a3 Qb6 32. Nf1 Kh8 33. Qd1 Rc4 34. Ne3
Rxd4 35. Qf3 Qb8 36. Nxd5 Rxd5 37. Nd6 f6 38. Rxc3 fxe5 39. Nf7+ Kg8 40. Qg4
Qb6 41. Ng5 Bxg5 42. Qxg5 Qxf2+ 43. Kh3 e4 {A nearly flawless game from
Kovalenko, and he judged it to be one of his best from the tournament. It was
this game that gave him the sole lead going into the last round.} 0-1

[Event "Bad Ragaz Accentus YM"]
[Site "Bad Ragaz"]
[Date "2016.04.06"]
[Round "1"]
[White "Studer, Noel"]
[Black "Keymer, Vincent"]
[Result "1-0"]
[WhiteElo "2438"]
[BlackElo "2352"]
[Annotator "Schulz,Andre"]
[PlyCount "87"]
[EventDate "2016.04.06"]
[EventType "tourn"]
[EventRounds "9"]
[EventCountry "SUI"]
[EventCategory "9"]
[SourceTitle "CBM 171 Extra"]
[Source "ChessBase"]
[SourceDate "2016.04.26"]
[SourceVersion "1"]
[SourceVersionDate "2016.04.26"]
[SourceQuality "1"]

1. d4 d5 2. c4 e6 3. Nf3 Nf6 4. g3 Bb4+ 5. Bd2 Be7 6. Bg2 O-O 7. O-O c6 8. Qc2
Nbd7 9. Bf4 b6 10. Rd1 Ba6 ({Die Hauptvariante ist} 10... Bb7) 11. Ne5 Qc8 ({
Häufiger wird} 11... Rc8 {gespielt:} 12. Nc3 Bxc4 13. Nxc4 dxc4 14. e4 b5 15.
a4 a6 16. d5 cxd5 17. exd5 e5 18. Bg5 b4 19. d6 bxc3 20. Qxc3 h6 21. Be3 e4 22.
Qa3 Re8 23. dxe7 Qxe7 24. Qxe7 Rxe7 25. Rd6 Re6 26. Rad1 Ne5 27. Bh3 Rxd6 28.
Rxd6 Rb8 29. Kg2 c3 30. bxc3 Nc4 31. Rxa6 Nxe3+ 32. fxe3 Nd5 33. a5 f5 34. c4
Nxe3+ 35. Kf2 Nxc4 36. Bxf5 Rf8 37. g4 Nxa5 38. Rxa5 g6 39. Re5 gxf5 40. gxf5
Ra8 41. Kg3 Kf7 42. Rxe4 Kf6 43. Kf4 Ra6 44. h4 h5 {1/2-1/2 (44) So,W (2773)
-Karjakin,S (2769) Wijk aan Zee 2016}) 12. Nc3 Rd8 13. Rac1 {[#]} (13. e4 dxc4
14. d5 Nxe5 15. Bxe5 Ne8 16. Bf4 Bb7 17. Bh3 cxd5 18. exd5 Nf6 19. dxe6 Qc6 20.
exf7+ Kxf7 21. f3 Qxf3 22. Bg2 Qxg2+ 23. Qxg2 Bxg2 24. Kxg2 Rxd1 25. Rxd1 Rc8
26. Nb5 Rc5 27. Nd6+ Bxd6 28. Rxd6 Rb5 29. Bc1 Re5 30. Rd2 Nd5 31. Rf2+ Ke6 32.
Bd2 b5 33. Kh3 b4 34. Bc1 c3 35. Rc2 Ne3 36. Bxe3 Rxe3 37. Kg2 Kd5 38. Kf2 Kd4
{0-1 (38) Sychevskyy,A (2159)-Yildiz,B (2291) Lvov 2013}) 13... Nxe5 ({Obwohl
bisher nicht gespielt scheint} 13... Bxc4 14. Nxc4 dxc4 {besser zu sein.}) 14.
dxe5 Nd7 15. cxd5 cxd5 16. Qb1 $18 {[#] Schwarz steht bereits auf Verlust.
Gegen Sxd5 und e6 gibt es keine Verteidigung mehr.} Qb8 17. Nxd5 exd5 18. e6
Ne5 (18... Bd6 19. Bxd6 Qxd6 20. Bxd5 Rab8 21. Bc4 $18) 19. exf7+ Kh8 20. Rxd5
Bf6 {[#]} 21. Qe4 ({Nett war auch} 21. Bxe5 Bxe5 22. Rxd8+ Qxd8 23. Bxa8 Qxa8 {
und nun} 24. Qe4 $1 {mit der Absicht} Qxe4 25. f8=Q#) 21... Qb7 22. Rxd8+ Rxd8
23. Qxb7 Bxb7 24. Bxb7 Nxf7 25. Rc7 $18 {Weiß hat das Läuferpaar, zwei
Bauern mehr und keine Mühe die Partie zu gewinnen.} Ng5 26. Bc8 Ne4 27. Bf5
Nd6 28. Bd3 a5 29. Rc6 Nc8 30. b3 Rf8 31. Ba6 Ne7 32. Rxb6 Nd5 33. Rb8 Rxb8 34.
Bxb8 Nb4 35. Bc4 Nxa2 36. e4 Nb4 37. Bc7 Nc6 38. Bd5 Be5 39. Bxe5 Nxe5 40. f4
Nd7 41. Kf2 g6 42. Ke3 Kg7 43. Kd4 Kf6 44. Kc4 1-0